000 00299nam a22001097a 4500
082 _a336
100 _aAhuja,Dr.Girish
_983367
245 _aIncome Tax Act As Amended By Finance (No.02) Act 2024
260 _aDelhi
_bCommercial Law Publishers
_c2024
650 _aIncome Tax
_983368
942 _cC. BOOKS
999 _c68255
_d68255